Clash Of Clans Troops (updated 2016) - Statistics

General Stats
  • This quiz has been taken 119 times
  • The average score is 15 of 16
Answer Stats
Hint Answer % Correct
Troop Unlocked At Barrracks Level 2? Archer
98%
Troop Unlocked At Barrracks Level 1? Barbarian
97%
Troop Unlocked At Barrracks Level 3? Giant
97%
Troop Unlocked At Barrracks Level 9? Dragon
96%
Troop Unlocked At Barrracks Level 4? Goblin
96%
Troop Unlocked At Barrracks Level 5? Wall Breaker
96%
Troop Unlocked At Barrracks Level 6? Balloon
94%
Troop Unlocked At Barrracks Level 7? Wizard
94%
Dark Troop? Hog Rider
92%
Troop Unlocked At Barrracks Level 10? P.E.K.K.A
92%
Dark Troop? Minion
89%
Troop Unlocked At Barrracks Level 8? Healer
87%
Dark Troop? Golem
84%
Dark Troop? Witch
84%
Dark Troop? Valkyrie
80%
Dark Troop? Lava Hound
78%
No matching quizzes found
Score Distribution
Percent of People with Each Score
Percentile by Number Answered
Your Score History
You have not taken this quiz